000 00629cam a22002291 4500
001 sa 67001315
003 DLC
005 20260227112321.0
008 881102s1964 ii 000 1 hinr
010 _asa 67001315
035 _a(OCoLC)23551697
040 _aDLC
_cMiU
_dNRU
_dDLC
042 _apremarc
050 0 0 _aPK2098.B295
_bA8
100 1 _aBaijal, Shiam Narain,
_d1913-
245 1 0 _aĀṅkhoṃ dekhe citra.
_cLekhaka Śyāma Nārāyaṇa Baijala.
250 _a[1. saṃskaraṇa]
260 _aBarelī,
_bPārvatī Prakāśana
_c[1964]
300 _a163 p.
_c20 cm.
500 _aIn Hindi.
500 _aA novel.
999 _c72533
_d72533